|
|
|
|
| LEADER |
01111nam a2200289 a 4500 |
| 001 |
2145710 |
| 008 |
090614s2005 maua b 001 0 eng d |
| 010 |
|
|
|a 98072069
|
| 020 |
|
|
|a 0618379894
|
| 040 |
|
|
|a DLC
|c DLC
|
| 082 |
0 |
0 |
|a 657
|2 22
|
| 999 |
|
|
|c 1582
|d 1582
|
| 999 |
|
|
|c 1582
|
| 100 |
1 |
|
|a Needles, Belverd E.
|9 1334
|
| 245 |
0 |
0 |
|a Principles of accounting /
|c Belverd E. Needles Jr. ... [et al.].
|
| 250 |
|
|
|a 9th ed.
|
| 260 |
|
|
|a Boston :
|b Houghton Mifflin Co.,
|c c2005.
|
| 300 |
|
|
|a xlvi, 1231 p. :
|b col. ill. ;
|c 29 cm. +1 CD-ROM + user's guide manual.
|
| 504 |
|
|
|a Includes bibliographical references and indexes.
|
| 541 |
1 |
|
|e 15604
|
| 650 |
|
0 |
|a Accounting.
|
| 700 |
1 |
|
|a Powers,Marian.
|9 1335
|
| 700 |
1 |
|
|a Crosson,Susan V.
|9 1336
|
| 852 |
4 |
|
|a Ayesha Abed Library
|j General Shelf.
|
| 942 |
|
|
|2 ddc
|c BK
|
| 952 |
|
|
|0 0
|1 0
|2 ddc
|4 0
|6 657_NEE_200500000000000
|7 0
|9 17251
|a BRACUL
|b BRACUL
|c GEN
|d 2011-06-22
|l 7
|m 84
|o 657 NEE
|p 3010015604
|r 2025-12-27
|s 2025-07-15
|t 1
|w 2011-06-22
|y BK
|
| 952 |
|
|
|0 0
|1 0
|2 ddc
|4 0
|6 657_NEE
|7 0
|9 17252
|a BRACUL
|b BRACUL
|c AV
|d 2011-06-22
|l 0
|o 657 NEE
|p 4010015604
|r 2011-06-22
|t 1
|w 2011-06-22
|y AV
|